000 00538cam a2200217ua 4500
001 9212
005 20260515114436.0
008 150224n ii |||gr||||Z||||||asm
020 _a9788123753584
040 _cMAIN
041 _aasm
082 _a891.4511
100 _aSen, N. D.,
_eEditor.
245 1 _aDesh kaal kabita
_cEdited by Navanita Dev Sen
250 _a1st.
260 _aNew Delhi:
_bNational,
_c2012.
300 _a327p.
653 _aEast Indo-European & Celtic literatures
653 _aAssamese poems
942 _cBK
999 _c8274
_d8274